• 首页
  • 本馆介绍
  • 公告通知
  • 最新文献
  • 馆藏检索
  • 电子资源
  • 读者导购
  • 参考咨询
  • 我的图书馆
  • 登录
  • 详细信息显示
  • 放入我的书架
  • 预约/预借图书
  • 作者相关作品
  • 分类相关作品
  • 丛书相关作品
  • 出版社相关作品

书目信息

  • 表格格式
  • 工作单格式
  • 卡片格式
题名:
中学生职业生涯规划教学计划
    
 
作者: 张纪元 编著
分册:  
出版信息: 北京   北京师范大学出版社  2017
页数: 184页
开本: 24cm
丛书名: 中小学名师指导系列丛书
单 册:
中图分类: G637.3
科图分类:
主题词: 中学生--zhong xue sheng--职业选择
电子资源:
ISBN: 978-7-303-14096-1
000 01045nam 2200277 45
001 012001004801
005 20140125104114.0
010    @a978-7-303-14096-1@dCNY23.00
099    @aCAL 012012177151
100    @a20120420d2012 em y0chiy50 ea
101 0  @achi
102    @aCN@b110000
105    @aak a 000yy
106    @ar
200 1  @a中学生职业生涯规划教学计划@Azhong xue sheng zhi ye sheng ya gui hua jiao xue ji hua@f张纪元编著
210    @a北京@c北京师范大学出版社@d2017
215    @a184页@c图@d24cm
225 2  @a中小学名师指导系列丛书@Azhong xiao xue ming shi zhi dao xi lie cong shu
320    @a有书目 (第180-181页)
330    @a本书主要内容包括: 中学生职业生涯规划概述、了解自己 —— 性格与职业、了解自己 —— 价值观与职业、气质与职业、了解自我 —— 兴趣与职业、寻找职业精英的成长足迹等。
410  0 @12001@a中小学名师指导系列丛书
606 0  @a中学生@Azhong xue sheng@x职业选择
690    @aG637.3@v5
701  0 @a张纪元@Azhang ji yuan@4编著
801  0 @aCN@b江苏凤凰@c20191020
905    @b1239417-8@dG637.3@e1673@f2
    
    中学生职业生涯规划教学计划/张纪元编著.-北京:北京师范大学出版社,2017
    184页:图;24cm.-(中小学名师指导系列丛书)
    
    
    ISBN 978-7-303-14096-1:CNY23.00
    本书主要内容包括: 中学生职业生涯规划概述、了解自己 —— 性格与职业、了解自己 —— 价值观与职业、气质与职业、了解自我 —— 兴趣与职业、寻找职业精英的成长足迹等。
●
相关链接 在E读中查询图书 在五车中查询图书 在当当中查询图书 在豆瓣中查询图书


正题名:中学生职业生涯规划教学计划     索取号:G637.3/1673         预约/预借

序号 登录号 条形码 馆藏地/架位号 状态 备注
1 1239417   212394176   第一样本阅览室/ [索取号:G637.3/1673] 在馆    
2 1239418   212394185   第四借阅区/ [索取号:G637.3/1673] 在馆    
唐山师范学院图书馆 欢迎您!
大连网信软件有限公司© 版权所有